[Event "Thanet op-A 50th"]
[Site "Margate"]
[Date "2019.08.18"]
[Round "4"]
[White "Bennett, John"]
[Black "Kaya, Batuhan"]
[Result "1/2-1/2"]
[WhiteElo "1995"]
[BlackElo "1584"]
[PlyCount "78"]
[EventDate "2019.08.16"]
[EventType "swiss"]
[EventRounds "5"]
[EventCountry "ENG"]
[SourceTitle "EXT 2024"]
[Source "ChessBase"]
[SourceDate "2023.10.10"]
[SourceVersion "1"]
[SourceVersionDate "2023.10.10"]
[SourceQuality "1"]

1. d4 Nf6 2. c4 e6 3. Nf3 d5 4. Nc3 Be7 5. Bf4 0-0 6. e3 b6 7. cxd5 exd5 8. Bd3 Bb7 9. Ne5 Nbd7 10. Qf3 c5 11. Qh3 g6 12. 0-0 Nxe5 13. dxe5 Nh5 14. Bh6 Ng7 15. Rad1 Bg5 16. Bxg7 Kxg7 17. f4 Bh6 18. f5 Qg5 19. Rf3 Qh5 20. f6+ Kh8 21. Qxh5 gxh5 22. Rh3 d4 23. exd4 cxd4 24. Ne4 Bc8 25. Rh4 Be3+ 26. Kh1 Bg4 27. Rf1 Rac8 28. h3 Be6 29. Rxh5 h6 30. Nd6 Rc1 31. Rxc1 Bxc1 32. b3 Rg8 33. Bc4 Bxc4 34. bxc4 Rf8 35. Rh4 d3 36. Rd4 Bb2 37. Rxd3 Bxe5 38. Ne4 Rc8 39. Rd5 Bb8 1/2-1/2

[Event "Thanet op-A 50th"]
[Site "Margate"]
[Date "2019.08.17"]
[Round "2"]
[White "Kaya, Batuhan"]
[Black "Botley, Gordon"]
[Result "1/2-1/2"]
[WhiteElo "1584"]
[BlackElo "2150"]
[PlyCount "52"]
[EventDate "2019.08.16"]
[EventType "swiss"]
[EventRounds "5"]
[EventCountry "ENG"]
[SourceTitle "EXT 2024"]
[Source "ChessBase"]
[SourceDate "2023.10.10"]
[SourceVersion "1"]
[SourceVersionDate "2023.10.10"]
[SourceQuality "1"]

1. e4 c5 2. c3 d5 3. exd5 Qxd5 4. d4 e6 5. Nf3 Nc6 6. Be2 cxd4 7. cxd4 Nf6 8. Nc3 Qd6 9. 0-0 Be7 10. Bg5 0-0 11. Bh4 a6 12. Qd2 b5 13. Bg3 Qd7 14. Rfd1 Rd8 15. a3 Bb7 16. Qc2 Rac8 17. Rd2 Qe8 18. Rad1 Na5 19. Qb1 Nc4 20. Rd3 Ne4 21. Qa1 Bf6 22. Be5 Nxc3 23. Rxc3 Nxe5 24. Nxe5 Rxc3 25. bxc3 Bxe5 26. dxe5 Rxd1+ 1/2-1/2

[Event "Thanet op-A 50th"]
[Site "Margate"]
[Date "2019.08.17"]
[Round "3"]
[White "Kaya, Batuhan"]
[Black "Jermy, Jaden"]
[Result "1-0"]
[WhiteElo "1584"]
[BlackElo "1622"]
[PlyCount "117"]
[EventDate "2019.08.16"]
[EventType "swiss"]
[EventRounds "5"]
[EventCountry "ENG"]
[SourceTitle "EXT 2024"]
[Source "ChessBase"]
[SourceDate "2023.10.10"]
[SourceVersion "1"]
[SourceVersionDate "2023.10.10"]
[SourceQuality "1"]

1. e4 c5 2. Nf3 e6 3. c3 Nc6 4. d4 Nf6 5. e5 Nd5 6. Bc4 Nb6 7. Bb3 Be7 8. 0-0 d6 9. Bf4 dxe5 10. dxe5 Qxd1 11. Rxd1 0-0 12. Nbd2 Nd5 13. Bg3 b6 14. Ne4 Rd8 15. Rd2 Bb7 16. Rad1 Na5 17. h3 h6 18. c4 Nb4 19. Nd6 Nxb3 20. axb3 Bxf3 21. gxf3 Nc6 22. Rd3 a6 23. Kg2 Nd4 24. f4 Bxd6 25. exd6 f5 26. Bh4 Rxd6 27. b4 Kf7 28. f3 a5 29. bxc5 bxc5 30. Bf2 Rad8 31. Ra3 Ra6 32. Rda1 Rda8 33. Bxd4 cxd4 34. Rd3 Rb8 35. b3 Ra7 36. Ra3 Rd8 37. b4 Rc7 38. bxa5 Rxc4 39. Rdb3 Ra8 40. a6 Rc7 41. Rb7 Rxb7 42. axb7 Rb8 43. Rb3 Ke7 44. Rb6 g5 45. Kf2 Kf6 46. Ke2 gxf4 47. Kd3 Kg5 48. Kxd4 Kh4 49. Ke5 Kg3 50. Rb3 h5 51. h4 Kxh4 52. Kxf4 Kh3 53. Kg5 f4 54. Kxh5 Kg3 55. Kg5 e5 56. Kf5 Rxb7 57. Rxb7 Kxf3 58. Kxe5 Kg3 59. Rg7+ 1-0

[Event "BCF-ch U13"]
[Site "Bournemouth"]
[Date "2016.08.02"]
[Round "4"]
[White "Kaya, Batuhan"]
[Black "Gurner, Jem"]
[Result "0-1"]
[WhiteElo "1585"]
[BlackElo "1411"]
[PlyCount "94"]
[EventDate "2016.07.31"]
[EventType "swiss"]
[EventRounds "7"]
[EventCountry "ENG"]
[SourceTitle "CBM 173 Extra"]
[Source "ChessBase"]
[SourceDate "2016.08.29"]
[SourceVersion "1"]
[SourceVersionDate "2016.08.29"]
[SourceQuality "1"]

1. e4 e6 2. d4 d5 3. Nd2 Nf6 4. e5 Nfd7 5. Bd3 c5 6. c3 Nc6 7. Ne2 cxd4 8. cxd4 f6 9. exf6 Nxf6 10. Nf3 Be7 11. 0-0 Bd7 12. a3 0-0 13. Re1 Re8 14. Bf4 Nh5 15. Bc2 Nxf4 16. Nxf4 Bd6 17. Qd3 Bxf4 18. Qxh7+ Kf8 19. Bg6 Qf6 20. Bxe8 Bxe8 21. Rad1 Ke7 22. Qd3 Na5 23. b3 Bd6 24. a4 Bb4 25. Re3 Rc8 26. Qe2 a6 27. Re5 Rd8 28. Qc2 Nc6 29. Re2 Bg6 30. Qc1 Bh5 31. Qe3 Bd6 32. h3 Bf4 33. Qc3 Bxf3 34. gxf3 Qg5+ 35. Kf1 Rh8 36. Rc2 Rxh3 37. Ke2 Rh2 38. Rf1 Qf6 39. Kd1 Rh3 40. b4 Bd6 41. Rb2 Rxf3 42. Qd2 Nxd4 43. Rg1 Bf4 44. Qe1 Rd3+ 45. Qd2 Rxd2+ 46. Rxd2 Bxd2 47. Kxd2 Qxf2+ 0-1